Guess the Tate McRae song #4 - Statistics

General Stats
  • This quiz has been taken 76 times
  • The average score is 217 of 430
Answer Stats
% Correct
I
100%
you
92%
You
92%
(You
92%
me,
82%
me
82%
me),
82%
the
78%
he
72%
my
72%
your
72%
Your
72%
love
69%
on
68%
I'm
66%
it
66%
like
66%
go
65%
what
65%
(No,
60%
no,
60%
no)
60%
(No
60%
no
60%
(Oh),
60%
(Oh
60%
oh)
60%
Just
58%
just
58%
(Just
58%
know
58%
in?
57%
to
57%
don't
54%
back
52%
for
51%
is
51%
is;
51%
that?
51%
this
51%
this,
51%
this),
51%
(This
51%
(Yeah,
51%
yeah,
51%
yeah)
51%
(Yeah),
51%
(Yeah)
51%
yeah;
51%
Yeah)
51%
Yeah,
51%
It's
49%
(It's
49%
night
46%
night,
46%
wanna
46%
Wanna
46%
down
45%
Eyes
45%
(Eyes
45%
keep
45%
keep,
45%
watchin'
45%
watchin';
45%
watchin')
45%
by
43%
hair
43%
with
43%
can't
42%
let
42%
If
40%
if
40%
where
40%
start
38%
all
37%
All
37%
But
37%
here
37%
how
37%
I'll
37%
mind
37%
out
37%
they
37%
(They
37%
track
37%
up
37%
up,
37%
archin'
35%
Goes
35%
(Goes
35%
one
35%
one,
35%
make
34%
'em
31%
tell
31%
Tell
31%
Twist
29%
wrist
29%
(Baby)
28%
give
28%
right
28%
Take
28%
take
28%
ain't
26%
face
26%
from
26%
time
26%
'Cause
25%
place
25%
try
25%
try,
25%
alright
23%
alright)
23%
buyin'
23%
lights
23%
show
23%
staring
22%
'til
22%
Ah)
20%
(As
20%
as
20%
friends,
20%
move
20%
Uh
20%
difficult
17%
While
15%
long
14%
might
14%
Hey)
9%
Ooh
6%
ooh
6%
huh)
5%
No matching quizzes found
Score Distribution
Percent of People with Each Score
Percentile by Number Answered
Your Score History
You have not taken this quiz